Normal view
MARC view
- Canzoniere Della Rita e Della Manca
Entry Personal Name
001 - CONTROL NUMBER
- control field: 31062
003 - CONTROL NUMBER IDENTIFIER
- control field: IT-RoPau
005 - DATE AND TIME OF LATEST TRANSACTION
- control field: 20140621161512.0
008 - FIXED-LENGTH DATA ELEMENTS
- fixed length control field: 140621|| aca||aabn | a|a d
040 ## - CATALOGING SOURCE
- Original cataloging agency: IT-RoPau
- Transcribing agency: IT-RoPau
100 ## - HEADING--PERSONAL NAME
- Personal name: Canzoniere Della Rita e Della Manca
- Dates associated with a name: Codice autore testo/musica SPICS: 45891
- Relator term: Autore testo/musica
- Name of part/section of a work: Maronne in festa
670 ## - SOURCE DATA FOUND
- Source citation: Work cat.: (IT-RoPau)99286: AA.VV. 794, Inedito per Maria